Το ημερολόγιο ενός γάμου
Αποθηκεύτηκε σε:
| Κύριος συγγραφέας: | |
|---|---|
| Άλλοι συγγραφείς: | |
| Μορφή: | Βιβλίο |
| Γλώσσα: | Greek English |
| Δημοσίευση: |
Αθήνα :
Ψυχογιός,
c1988.
|
| Σειρά: | Μεγάλοι σύγχρονοι λογοτέχνες
|
| Θέματα: | |
| Ετικέτες: |
Προσθήκη ετικέτας
Δεν υπάρχουν, Καταχωρήστε ετικέτα πρώτοι!
|
MARC
| LEADER | 00000cam a2200000 a 4500 | ||
|---|---|---|---|
| 001 | 1/112378 | ||
| 008 | 161125t1988####gr | ||| |||| ||gre|| | ||
| 020 | |a 960702110X | ||
| 040 | |a GR-MyUa |b gre |c GR-MyUa |e AACR2 | ||
| 041 | 1 | |a gre |h eng | |
| 082 | 7 | |a 813 |2 (23) | |
| 100 | 1 | |a Hailey, Elizabeth Forsythe. | |
| 245 | 1 | 3 | |a Το ημερολόγιο ενός γάμου / |c Ελιζάμπεθ Φορσαϊτ Χεϊλ, μετάφραση Λένα Μιλίλη. |
| 260 | |a Αθήνα : |b Ψυχογιός, |c c1988. | ||
| 300 | |a 362 σ. ; |c 21 εκ. | ||
| 490 | 1 | |a (Μεγάλοι σύγχρονοι λογοτέχνες) | |
| 500 | |a Τίτλος πρωτοτύπου: Joanna's husband and David's wife. | ||
| 650 | 0 | |a Marriage |x Fiction. | |
| 650 | 0 | |a American fiction |y 20th century. | |
| 650 | 0 | |a Families |x Fiction. | |
| 700 | 1 | |a Μιλιλή, Λένα, |e trlf | |
| 830 | 0 | |a Μεγάλοι σύγχρονοι λογοτέχνες | |
| 852 | |a INST |b SAMOS |e 20161125 |h 813 HAI |p 005300043980 |q 005300043980 |t BK |y 0 | ||
| 970 | |a Γουβάλα |b Βάσω |z 25-11-2016 | ||